[Event "VI Sunway Sitges Open 2019"]
[Site "Sitges"]
[Date "2019.12.20"]
[Round "8.26"]
[White "Moradiabadi, Elshan"]
[Black "Kacharava, Nikolozi"]
[Result "1-0"]
[WhiteElo "2539"]
[BlackElo "2416"]
[Annotator "ChessBase"]
[PlyCount "115"]
[EventDate "2019.12.13"]
[EventType "swiss"]
[EventCountry "ESP"]
[SourceTitle "playchess.com"]
[Source "ChessBase"]
[SourceQuality "1"]
[TimeControl "40/5400+30:1800+30"]

1. e4 {[%emt 0:00:00]} e5 {[%emt 0:00:00]} 2. Nf3 {[%emt 0:00:00]} Nf6 {[%emt 0:00:04]} 3. Nxe5 {[%emt 0:00:00]} d6 {[%emt 0:00:13]} 4. Nc4 {[%emt 0:00:00]} Nxe4 {[%emt 0:00:34]} 5. Qe2 {[%emt 0:00:00]} Qe7 {[%emt 0:02:42]} 6. Ne3 {[%emt 0:00:40]} c6 {[%emt 0:01:26]} 7. b3 {[%emt 0:00:27]} Qf6 {[%emt 0:01:37]} 8. c3 {[%emt 0:00:04]} Be7 {[%emt 0:05:22]} 9. d4 {[%emt 0:02:46]} d5 {[%emt 0:05:29]} 10. Qc2 {[%emt 0:00:30]} Qg6 {[%emt 0:05:04]} 11. Bd3 {[%emt 0:04:43]} f5 {[%emt 0:06:51]} 12. O-O {[%emt 0:01:01]} f4 {[%emt 0:04:56]} 13. f3 {[%emt 0:01:05]} fxe3 {[%emt 0:18:26]} 14. fxe4 {[%emt 0:02:17]} Qh6 {[%emt 0:00:51]} 15. exd5 {[%emt 0:02:14]} cxd5 {[%emt 0:01:32]} 16. Qe2 {[%emt 0:00:21]} Bg5 {[%emt 0:02:51]} 17. Na3 {[%emt 0:01:18]} Nc6 {[%emt 0:08:24]} 18. Nc2 {[%emt 0:06:19]} Be6 {[%emt 0:00:00]} 19. Bxe3 {[%emt 0:00:06]} Bxe3+ {[%emt 0:00:00]} 20. Qxe3 {[%emt 0:00:04]} Qxe3+ {[%emt 0:00:00]} 21. Nxe3 {[%emt 0:00:01]} Kd7 {[%emt 0:00:00]} 22. Rae1 {[%emt 0:04:54]} g6 {[%emt 0:00:29]} 23. Kf2 {[%emt 0:08:27]} Rhf8+ {[%emt 0:01:42]} 24. Ke2 {[%emt 0:00:02]} Rxf1 {[%emt 0:00:48]} 25. Rxf1 {[%emt 0:00:05]} a6 {[%emt 0:00:45]} 26. Kd2 {[%emt 0:00:31]} b5 {[%emt 0:01:34]} 27. b4 {[%emt 0:01:59]} Ne7 {[%emt 0:07:58]} 28. a4 {[%emt 0:07:07]} bxa4 {[%emt 0:00:00]} 29. Ra1 {[%emt 0:00:01]} Kc7 {[%emt 0:00:00]} 30. Rxa4 {[%emt 0:00:06]} Kb6 {[%emt 0:00:00]} 31. Ra5 {[%emt 0:01:11]} Kb7 {[%emt 0:04:32]} 32. Be4 {[%emt 0:04:59]} Rd8 {[%emt 0:02:15]} 33. Bf3 {[%emt 0:00:01]} Kb6 {[%emt 0:01:10]} 34. h4 {[%emt 0:00:13]} h6 {[%emt 0:02:54]} 35. Ra1 {[%emt 0:04:42]} Nc6 {[%emt 0:06:46]} 36. Be2 {[%emt 0:05:49]} Nb8 {[%emt 0:02:14]} 37. Bd3 {[%emt 0:02:35]} g5 {[%emt 0:02:39]} 38. hxg5 {[%emt 0:00:00]} hxg5 {[%emt 0:00:06]} 39. Rh1 {[%emt 0:00:00]} Nc6 {[%emt 0:03:37]} 40. Rh6 {[%emt 0:00:00]} Re8 {[%emt 0:00:00]} 41. Rg6 {[%emt 0:00:58]} g4 {[%emt 0:00:39]} 42. Nf5 {[%emt 0:05:51]} Bd7 {[%emt 0:04:37]} 43. Ne3 {[%emt 0:01:12]} Be6 {[%emt 0:00:46]} 44. Nxg4 {[%emt 0:00:29]} Bxg4 {[%emt 0:02:01]} 45. Rxg4 {[%emt 0:00:00]} a5 {[%emt 0:00:48]} 46. bxa5+ {[%emt 0:00:00]} Nxa5 {[%emt 0:00:22]} 47. Rg6+ {[%emt 0:00:00]} Kc7 {[%emt 0:00:44]} 48. g4 {[%emt 0:00:00]} Rh8 {[%emt 0:00:49]} 49. Rg7+ {[%emt 0:01:25]} Kd6 {[%emt 0:00:37]} 50. Rg6+ {[%emt 0:03:23]} Kc7 {[%emt 0:03:29]} 51. Rf6 {[%emt 0:01:04]} Rh3 {[%emt 0:00:00]} 52. Be2 {[%emt 0:05:42]} Rg3 {[%emt 0:00:35]} 53. Bf3 {[%emt 0:01:27]} Rg1 {[%emt 0:01:46]} 54. Bxd5 {[%emt 0:01:16]} Rxg4 {[%emt 0:04:45]} 55. Ra6 {[%emt 0:00:34]} Nb7 {[%emt 0:00:55]} 56. Ra7 {[%emt 0:00:00]} Kd6 {[%emt 0:00:19]} 57. Bxb7 {[%emt 0:00:00]} Rg7 {[%emt 0:00:01]} 58. Ra6+ {[%emt 0:00:00] Kd5} 1-0

[Event "VI Sunway Sitges Open 2019"]
[Site "Sitges"]
[Date "2019.12.20"]
[Round "8.27"]
[White "Kobo, Ori"]
[Black "Melkumyan, Hrant"]
[Result "1/2-1/2"]
[WhiteElo "2457"]
[BlackElo "2668"]
[Annotator "TA"]
[PlyCount "88"]
[EventDate "2019.12.13"]
[EventType "swiss"]
[EventCountry "ESP"]
[SourceTitle "playchess.com"]
[Source "ChessBase"]
[SourceQuality "1"]

{[%evp 11,88,25,22,6,11,4,11,9,11,6,6,5,12,8,15,0,0,0,0,0,0,0,0,0,0,0,0,0,0,0,0,0,1,0,0,0,0,-6,0,0,0,0,0,0,0,0,0,0,50,54,62,64,91,19,82,0,0,0,0,0,0,0,0,0,3,0,0,0,9,0,0,0,0,0,0,0,0,0,0]} 1. d4 Nf6 2. c4 e6 3. g3 d5 4. Bg2 dxc4 5. Nf3 a6 6. O-O Nc6 7. Nbd2 {E04: Open Catalan: 5 Nf3} (7. e3 Rb8 8. Nfd2 e5 9. Bxc6+ bxc6 10. dxe5 Ng4 11. Nxc4 Be6 12. Qe2 h5 13. Rd1 Qc8 14. Qf3 Rb6 15. Nxb6 cxb6 16. h4 Nxe5 {½-½ (41) Grischuk,A (2759)-Ding,L (2811) Khanty-Mansiysk 2019}) 7... b5 8. b3 c3 9. Nb1 $1 {Ne5 is the strong threat.} b4 10. a3 Rb8 {Strongly threatening ...a5.} 11. axb4 Bxb4 12. Qd3 e5 $146 {Hoping for ...e4.} ({Predecessor:} 12... O-O 13. Nxc3 e5 14. d5 Bxc3 15. Qxc3 Qxd5 {½-½ (61) Harika,D (2498)-Kosteniuk,A (2543) Khanty-Mansiysk 2018}) 13. Nxe5 Nxe5 14. dxe5 Qxd3 15. exd3 Nd7 16. d4 O-O 17. Be3 c5 $1 18. Rc1 cxd4 19. Bxd4 {With the idea Ba7.} Nc5 $1 {[%cal Rc5b3]} 20. Bxc5 $1 Bxc5 21. Nxc3 Bd4 22. Ra4 Bxe5 23. Nd5 Re8 24. h3 Bd6 25. Nc7 $36 {[%mdl 2048] White is pushing.} Bxc7 26. Rxc7 Rd8 27. Ra5 Rxb3 28. Bd5 Rb1+ 29. Kg2 Rf8 30. Bxf7+ Kh8 31. g4 Rb6 {[#]} 32. Rac5 (32. Re5 $1 $16) 32... Bb7+ {[#]} (32... Be6 $11) 33. Bd5 ({White should play} 33. Kg3 $1 $16) 33... Bxd5+ $11 {The position is equal.} 34. Rxd5 {[%mdl 4096] Endgame KRR-KRR} Rbf6 35. Rc2 h6 36. Ra5 Rb6 37. Rca2 Rff6 38. Rd5 Kh7 39. Rd7 Rg6 40. Kh2 h5 41. gxh5 Rgf6 42. Ra7 Rf5 43. R7xa6 Rxf2+ 44. Rxf2 Rxa6 {Accuracy: White = 60%, Black = 72%.} 1/2-1/2

[Event "VI Sunway Sitges Open 2019"]
[Site "Sitges"]
[Date "2019.12.20"]
[Round "8.28"]
[White "Kjartansson, Gudmundur"]
[Black "Lagarde, Maxime"]
[Result "0-1"]
[WhiteElo "2448"]
[BlackElo "2655"]
[Annotator "TA"]
[PlyCount "78"]
[EventDate "2019.12.13"]
[EventType "swiss"]
[EventCountry "ESP"]
[SourceTitle "playchess.com"]
[Source "ChessBase"]
[SourceQuality "1"]

{[%evp 15,78,22,37,44,49,33,20,7,0,7,0,6,7,-20,-21,-29,-21,-20,-30,-26,-27,-30,-30,-35,-10,-33,-40,-31,0,0,0,-10,0,-34,-29,-70,-14,-68,-62,-205,-216,-220,-213,-224,-213,-353,-358,-387,-252,-245,-229,-231,-235,-558,-567,-591,-571,-495,-547,-963,-691,-555,-530,-712,-687]} 1. c4 f5 2. d4 Nf6 3. g3 g6 4. Bg2 Bg7 5. Nf3 O-O 6. O-O d6 7. Nc3 c6 8. Rb1 Qc7 9. d5 {A88: Dutch Defence: Leningrad System: 5 Nf3 0-0 6 0-0 d6 7 Nc3 c6} Na6 (9... e5 10. dxe6 Bxe6 11. b3 Na6 12. Qc2 Nc5 13. Rd1 Rad8 14. Ng5 Bc8 15. b4 Ne6 16. b5 Nc5 17. bxc6 bxc6 {½-½ (63) Wang,Y (2720)-Mamedyarov,S (2765) Beijing 2014}) 10. Nd4 {[%cal Rd5c6]} Bd7 11. a3 {The position is equal.} Nc5 $146 ({Predecessor:} 11... Rae8 12. Bf4 Nh5 13. Qd2 Nxf4 14. gxf4 e5 15. dxe6 Bxe6 16. Nxe6 Rxe6 {½-½ (53) Schmidt,F-Czech,L (2200) Giessen 1997}) 12. b4 Nce4 13. Nxe4 Nxe4 14. Bb2 cxd5 15. cxd5 Qc4 16. Bxe4 fxe4 17. Ne6 Bxe6 18. Bxg7 Kxg7 19. dxe6 Qxe6 20. Qd4+ Kg8 21. Rbc1 $1 Rf7 22. Rc7 b6 23. a4 h5 24. b5 h4 25. gxh4 Rh7 (25... Raf8 $15 26. Kh1 Rf4) 26. Kh1 (26. Rd1 $11) 26... Rxh4 $15 27. f4 {[#]} (27. Rfc1 $15) 27... Kf7 $1 $19 28. e3 Rah8 29. Rf2 R8h5 $40 {[%mdl 128] Black has strong attack.} 30. Rd2 (30. Qc4 {was called for.}) 30... Rh3 31. Rc1 Rc5 32. Re1 Rc4 33. Qa1 Qc8 34. a5 $2 {[#]} (34. Qa2 {is a better chance.}) 34... Rxe3 $1 {[%mdl 512] Black is clearly winning.} 35. Rg1 (35. Rxe3 Rc1+) 35... Rec3 36. axb6 axb6 37. Qa2 Qe6 38. Rdg2 e3 {Strongly threatening ...Qe4.} 39. Qb1 Qf5 {Accuracy: White = 37%, Black = 70%.} 0-1

[Event "VI Sunway Sitges Open 2019"]
[Site "Sitges"]
[Date "2019.12.20"]
[Round "8.29"]
[White "Batsiashvili, Nino"]
[Black "Sethuraman, S.P."]
[Result "0-1"]
[WhiteElo "2447"]
[BlackElo "2638"]
[Annotator "TA"]
[PlyCount "56"]
[EventDate "2019.12.13"]
[EventType "swiss"]
[EventCountry "ESP"]
[SourceTitle "playchess.com"]
[Source "ChessBase"]
[SourceQuality "1"]

{[%evp 9,56,-20,-16,-20,-13,-18,-23,-16,-12,-57,0,0,-9,-194,-80,-95,-90,-94,-85,-124,-77,-135,-129,-154,-129,-343,-351,-367,-362,-356,-340,-714,-704,-693,-679,-685,-672,-666,-648,-625,-664,-656,-664,-1073,-1059,-29980,-29981,-5010,-2135]} 1. Nf3 d5 2. c4 d4 3. b4 c5 4. e3 Nf6 (4... dxe3 5. fxe3 cxb4 6. d4 Nf6 7. Bd3 g6 8. a3 bxa3 9. O-O Bg7 10. Nc3 O-O 11. Bxa3 b6 12. Kh1 Nc6 13. Rc1 Bg4 14. h3 Bxf3 15. Qxf3 {1-0 (45) Wei,Y (2735)-Inarkiev,E (2690) Magas 2018}) 5. bxc5 Nc6 6. exd4 {A09: Réti Opening: 1 Nf3 d5 2 c4} Nxd4 7. Bb2 e5 $1 8. Nxd4 {Black has an edge.} ({Much worse is} 8. Nxe5 Bxc5 9. Bd3 O-O $17) 8... exd4 9. Qe2+ $146 ({Predecessor:} 9. Be2 Bxc5 10. O-O O-O 11. Bf3 Bf5 12. d3 {0-1 (30) Plesek,J (2165)-Machala,V (2020) Prague 2018}) 9... Be6 {[%mdl 1024] Black has compensation.} 10. Qe5 d3 11. Qc3 $2 {[#]} (11. Nc3 $11 {and White stays safe.}) 11... Bf5 (11... Bxc5 $19 {has better winning chances. aiming for ...Qc7.} 12. Bxd3 Qb6) 12. Qe5+ $17 Qe7 13. Qxe7+ Bxe7 14. Nc3 Bxc5 15. Na4 ({White should try} 15. Nd1) 15... Be7 16. g4 Nxg4 17. Bxg7 $2 (17. Bg2 $17) 17... Rg8 $19 18. Bc3 Bh4 19. Bh3 Bd7 ({Weaker is} 19... Nxf2 20. Bxf5 Rg5 21. Bxd3 $17) ({Much less strong is} 19... Bxf2+ 20. Kd1 $19) 20. Nb2 $2 (20. O-O-O Bxa4 21. Rde1+ Kd8 22. Rhg1) 20... Nxf2 {[%mdl 64] [#] Double Attack} 21. Bxd7+ Kxd7 22. Kf1 {Now Rg1 and White clings on.} Nxh1 23. Nxd3 Rae8 24. Rb1 Kc8 25. Rb5 Rg5 26. Ne5 Rf5+ 27. Kg2 Rg8+ 28. Kh3 Be7 {Accuracy: White = 38%, Black = 65%.} 0-1

[Event "VI Sunway Sitges Open 2019"]
[Site "Sitges"]
[Date "2019.12.20"]
[Round "8.30"]
[White "Shubin, Kirill"]
[Black "Dragnev, Valentin"]
[Result "1/2-1/2"]
[WhiteElo "2430"]
[BlackElo "2553"]
[Annotator "ChessBase"]
[PlyCount "74"]
[EventDate "2019.12.13"]
[EventType "swiss"]
[EventCountry "ESP"]
[SourceTitle "playchess.com"]
[Source "ChessBase"]
[SourceQuality "1"]
[TimeControl "40/5400+30:1800+30"]

1. e4 {[%emt 0:06:43]} c6 {[%emt 0:00:16]} 2. d4 {[%emt 0:00:14]} d5 {[%emt 0:00:07]} 3. exd5 {[%emt 0:00:05]} cxd5 {[%emt 0:00:08]} 4. Bd3 {[%emt 0:00:05]} Nc6 {[%emt 0:00:10]} 5. c3 {[%emt 0:00:05]} Qc7 {[%emt 0:00:17]} 6. Ne2 {[%emt 0:00:06]} Bg4 {[%emt 0:00:13]} 7. O-O {[%emt 0:00:05]} Nf6 {[%emt 0:00:08]} 8. Qe1 {[%emt 0:00:28]} Qc8 {[%emt 0:00:09]} 9. Na3 {[%emt 0:14:22]} Bf5 {[%emt 0:03:06]} 10. Nf4 {[%emt 0:01:32]} Bxd3 {[%emt 0:16:39]} 11. Nxd3 {[%emt 0:00:56]} e6 {[%emt 0:00:03]} 12. Nc2 {[%emt 0:00:14]} Bd6 {[%emt 0:01:38]} 13. Bf4 {[%emt 0:03:25]} Bxf4 {[%emt 0:00:06]} 14. Nxf4 {[%emt 0:00:03]} O-O {[%emt 0:00:10]} 15. Qe2 {[%emt 0:02:43]} Qc7 {[%emt 0:01:53]} 16. Nd3 {[%emt 0:00:38]} Nd7 {[%emt 0:02:57]} 17. Rfe1 {[%emt 0:04:14]} Rae8 {[%emt 0:01:49]} 18. Ne3 {[%emt 0:03:34]} Na5 {[%emt 0:16:17]} 19. a4 {[%emt 0:10:59]} Rc8 {[%emt 0:02:14]} 20. Ng4 {[%emt 0:05:37]} Rfe8 {[%emt 0:14:04]} 21. h4 {[%emt 0:13:03]} Nc4 {[%emt 0:01:14]} 22. g3 {[%emt 0:02:05]} a5 {[%emt 0:01:04]} 23. Qc2 {[%emt 0:05:33]} Qb6 {[%emt 0:01:41]} 24. Re2 {[%emt 0:00:50]} h5 {[%emt 0:01:33]} 25. Nge5 {[%emt 0:03:49]} Ncxe5 {[%emt 0:04:06]} 26. Nxe5 {[%emt 0:01:00]} Nxe5 {[%emt 0:00:06]} 27. Rxe5 {[%emt 0:00:03]} Qxd4 {[%emt 0:02:13]} 28. Rxh5 {[%emt 0:00:09]} Qf6 {[%emt 0:00:14]} 29. Qd3 {[%emt 0:03:47]} g6 {[%emt 0:03:35]} 30. Rg5 {[%emt 0:00:07]} Rc4 {[%emt 0:01:57]} 31. Re1 {[%emt 0:00:58]} Rec8 {[%emt 0:02:07]} 32. f4 {[%emt 0:01:11]} Kf8 {[%emt 0:02:30]} 33. h5 {[%emt 0:04:02]} gxh5 {[%emt 0:00:47]} 34. Rxh5 {[%emt 0:00:39]} b6 {[%emt 0:13:34]} 35. f5 {[%emt 0:01:40]} R8c6 {[%emt 0:07:15]} 36. fxe6 Rxe6 37. Rf1 {[%emt 0:00:21]} Qg6 {[%emt 0:00:40]} 1/2-1/2

[Event "VI Sunway Sitges Open 2019"]
[Site "Sitges"]
[Date "2019.12.20"]
[Round "8.31"]
[White "Raja Harshit"]
[Black "Harsha Bharathakoti"]
[Result "1-0"]
[WhiteElo "2447"]
[BlackElo "2523"]
[Annotator "ChessBase"]
[PlyCount "83"]
[EventDate "2019.12.13"]
[EventType "swiss"]
[EventCountry "ESP"]
[SourceTitle "playchess.com"]
[Source "ChessBase"]
[SourceQuality "1"]
[TimeControl "40/5400+30:1800+30"]

1. e4 {[%emt 20:19:05]} c5 {[%emt 0:04:26]} 2. Nf3 {[%emt 0:00:19]} d6 {[%emt 0:01:38]} 3. d4 {[%emt 0:03:49]} cxd4 {[%emt 0:00:07]} 4. Nxd4 {[%emt 0:00:04]} Nf6 {[%emt 0:00:06]} 5. Nc3 {[%emt 0:00:06]} Nc6 {[%emt 0:01:06]} 6. Bg5 {[%emt 0:01:04]} e6 {[%emt 0:01:14]} 7. Qd3 {[%emt 0:00:06]} Bd7 {[%emt 0:02:03]} 8. O-O-O {[%emt 0:06:40]} a6 {[%emt 0:00:16]} 9. f4 {[%emt 0:08:25]} Be7 {[%emt 0:07:38]} 10. Qg3 {[%emt 0:14:41]} Nxd4 {[%emt 0:21:57]} 11. Rxd4 {[%emt 0:00:04]} Qb6 {[%emt 0:00:07]} 12. Qd3 {[%emt 0:13:18]} h6 {[%emt 0:06:23]} 13. Bh4 {[%emt 0:06:37]} Bc6 {[%emt 0:13:49]} 14. Be2 {[%emt 0:12:44]} Rd8 {[%emt 0:11:00]} 15. Bf2 {[%emt 0:09:39]} O-O {[%emt 0:09:08]} 16. Bf3 {[%emt 0:04:31]} Qa5 {[%emt 0:01:44]} 17. Be1 {[%emt 0:03:08]} Qc7 {[%emt 0:02:10]} 18. Bg3 {[%emt 0:03:57]} b5 {[%emt 0:04:24]} 19. Rd1 {[%emt 0:02:20]} Nd7 {[%emt 0:04:38]} 20. Qe2 {[%emt 0:02:09]} Nb6 {[%emt 0:00:23]} 21. Kb1 {[%emt 0:01:33]} Nc4 {[%emt 0:01:31]} 22. f5 {[%emt 0:02:04]} Bf6 {[%emt 0:00:58]} 23. Rxc4 {[%emt 0:00:50]} bxc4 {[%emt 0:00:04]} 24. Qxc4 {[%emt 0:00:12]} Qb7 {[%emt 0:02:56]} 25. fxe6 {[%emt 0:01:39]} fxe6 {[%emt 0:01:18]} 26. Rxd6 {[%emt 0:00:36]} Bxc3 {[%emt 0:00:52]} 27. Qxc3 {[%emt 0:00:38]} Bxe4 {[%emt 0:00:11]} 28. Qd4 {[%emt 0:01:41]} Rxd6 {[%emt 0:00:19]} 29. Bxd6 {[%emt 0:00:05]} Rf5 {[%emt 0:01:22]} 30. b4 {[%emt 0:01:47]} Bxf3 {[%emt 0:00:12]} 31. gxf3 {[%emt 0:00:01]} Qxf3 {[%emt 0:00:37]} 32. Kb2 {[%emt 0:00:47]} Rd5 {[%emt 0:00:16]} 33. Qb6 {[%emt 0:00:16]} Rd2 {[%emt 0:01:23]} 34. Qxa6 {[%emt 0:00:56]} Qe4 {[%emt 0:00:29]} 35. Qc8+ {[%emt 0:00:26]} Kh7 {[%emt 0:00:03]} 36. Be7 {[%emt 0:00:35]} e5 {[%emt 0:00:57]} 37. a4 {[%emt 0:00:18]} Rd1 {[%emt 0:00:29]} 38. Qc3 {[%emt 0:00:32]} Rf1 {[%emt 0:00:31]} 39. Qd3 {[%emt 0:00:48]} Qxd3 {[%emt 0:00:05]} 40. cxd3 {[%emt 0:00:01]} Kg6 {[%emt 0:00:35]} 41. a5 {[%emt 0:04:15]} Kf7 {[%emt 0:03:47]} 42. Bc5 {[%emt 0:02:22]} 1-0

[Event "VI Sunway Sitges Open 2019"]
[Site "Sitges"]
[Date "2019.12.20"]
[Round "8.32"]
[White "Kelires, Andreas"]
[Black "Valenzuela Gomez, Fernando"]
[Result "1-0"]
[WhiteElo "2510"]
[BlackElo "2373"]
[Annotator "ChessBase"]
[PlyCount "81"]
[EventDate "2019.12.13"]
[EventType "swiss"]
[EventCountry "ESP"]
[SourceTitle "playchess.com"]
[Source "ChessBase"]
[SourceQuality "1"]
[TimeControl "40/5400+30:1800+30"]

1. d4 {[%emt 0:00:00]} Nf6 {[%emt 0:00:22]} 2. Nf3 {[%emt 0:00:00]} g6 {[%emt 0:00:07]} 3. Bg5 {[%emt 0:00:00]} Bg7 {[%emt 0:00:13]} 4. Nbd2 {[%emt 0:00:00]} d5 {[%emt 0:00:30]} 5. e3 {[%emt 0:00:10]} O-O {[%emt 0:00:16]} 6. Be2 {[%emt 0:00:05]} Nbd7 {[%emt 0:01:33]} 7. O-O {[%emt 0:01:25]} b6 {[%emt 0:00:11]} 8. a4 {[%emt 0:02:56]} a5 {[%emt 0:01:04]} 9. c4 {[%emt 0:02:55]} Bb7 {[%emt 0:09:45]} 10. cxd5 {[%emt 0:11:08]} Nxd5 {[%emt 0:00:53]} 11. Nc4 {[%emt 0:00:26]} Qe8 {[%emt 0:05:23]} 12. Rc1 {[%emt 0:10:00]} Rc8 {[%emt 0:18:17]} 13. Re1 {[%emt 0:04:58]} Nb4 {[%emt 0:02:17]} 14. Bf1 {[%emt 0:07:10]} c5 {[%emt 0:05:05]} 15. Bh4 {[%emt 0:12:35]} Be4 {[%emt 0:05:54]} 16. Nfd2 {[%emt 0:05:56]} Ba8 {[%emt 0:11:54]} 17. Nb1 {[%emt 0:13:12]} Qd8 {[%emt 0:06:15]} 18. dxc5 {[%emt 0:02:19]} Rxc5 {[%emt 0:01:11]} 19. Nc3 {[%emt 0:00:25]} Bd5 {[%emt 0:06:33]} 20. Na3 {[%emt 0:12:03]} h6 {[%emt 0:09:39]} 21. e4 {[%emt 0:00:57]} Be6 {[%emt 0:00:43]} 22. f3 {[%emt 0:05:38]} g5 {[%emt 0:00:33]} 23. Bf2 {[%emt 0:00:07]} Rc8 {[%emt 0:00:18]} 24. Bb5 {[%emt 0:01:43]} Nc5 {[%emt 0:00:27]} 25. Qe2 {[%emt 0:03:22]} Qc7 {[%emt 0:03:42]} 26. Rcd1 {[%emt 0:00:24]} Be5 {[%emt 0:01:02]} 27. g3 {[%emt 0:00:07]} Bb3 {[%emt 0:02:00]} 28. Rd2 {[%emt 0:01:42]} Rfd8 {[%emt 0:01:14]} 29. Nd5 {[%emt 0:00:18]} Nxd5 {[%emt 0:01:51]} 30. exd5 {[%emt 0:00:04]} Bf6 {[%emt 0:00:17]} 31. Nc4 {[%emt 0:01:28]} Nxa4 {[%emt 0:00:49]} 32. Ne3 {[%emt 0:00:51]} Nc5 {[%emt 0:02:01]} 33. Nf5 {[%emt 0:00:09]} Bxd5 {[%emt 0:00:44]} 34. Nxh6+ {[%emt 0:00:16]} Kf8 {[%emt 0:00:16]} 35. Ng4 {[%emt 0:00:44]} Qb7 {[%emt 0:01:08]} 36. Ne5 {[%emt 0:01:19]} Bxe5 {[%emt 0:02:19]} 37. Qxe5 {[%emt 0:00:13]} f6 {[%emt 0:00:03]} 38. Qf5 {[%emt 0:00:22]} Bf7 {[%emt 0:01:09]} 39. Rde2 {[%emt 0:00:20]} Rc7 {[%emt 0:00:41]} 40. Qh7 {[%emt 0:00:00]} e5 {[%emt 0:00:00]} 41. Qh6+ {[%emt 0:05:43]} 1-0

[Event "VI Sunway Sitges Open 2019"]
[Site "Sitges"]
[Date "2019.12.20"]
[Round "8.33"]
[White "Lobanov, Sergei"]
[Black "Zadruzny, Nicolaj"]
[Result "1-0"]
[WhiteElo "2504"]
[BlackElo "2308"]
[Annotator "ChessBase"]
[PlyCount "73"]
[EventDate "2019.12.13"]
[EventType "swiss"]
[EventCountry "ESP"]
[SourceTitle "playchess.com"]
[Source "ChessBase"]
[SourceQuality "1"]
[TimeControl "40/5400+30:1800+30"]

1. e4 {[%emt 0:09:37]} e5 {[%emt 0:00:00]} 2. Nf3 {[%emt 0:00:04]} Nc6 {[%emt 0:00:00]} 3. Bc4 {[%emt 0:00:17]} Nf6 {[%emt 0:00:00]} 4. d3 {[%emt 0:00:05]} Bc5 {[%emt 0:00:00]} 5. O-O {[%emt 0:00:14]} a6 {[%emt 0:00:15]} 6. a4 {[%emt 0:00:04]} d6 {[%emt 0:01:20]} 7. c3 {[%emt 0:00:06]} Ba7 {[%emt 0:00:15]} 8. a5 {[%emt 0:00:08]} h6 {[%emt 0:04:44]} 9. Re1 {[%emt 0:00:13]} O-O {[%emt 0:00:20]} 10. h3 {[%emt 0:00:02]} Re8 {[%emt 0:01:42]} 11. Qb3 {[%emt 0:00:06]} Qe7 {[%emt 0:02:10]} 12. Be3 {[%emt 0:00:55]} Bxe3 {[%emt 0:19:40]} 13. Rxe3 {[%emt 0:00:01]} Nd8 {[%emt 0:00:49]} 14. d4 {[%emt 0:01:10]} c5 {[%emt 0:11:05]} 15. dxe5 {[%emt 0:01:57]} dxe5 {[%emt 0:00:06]} 16. Nbd2 {[%emt 0:00:04]} Nc6 {[%emt 0:01:20]} 17. Qa3 {[%emt 0:03:51]} Na7 {[%emt 0:02:05]} 18. Nb3 {[%emt 0:01:38]} Nd7 {[%emt 0:00:30]} 19. Rd1 {[%emt 0:05:33]} Nb5 {[%emt 0:00:27]} 20. Qa2 {[%emt 0:11:37]} Nd6 {[%emt 0:00:52]} 21. Bd5 {[%emt 0:02:40]} Rb8 {[%emt 0:02:10]} 22. Re2 {[%emt 0:01:17]} Kh8 {[%emt 0:04:37]} 23. Nfd2 {[%emt 0:09:15]} Rd8 {[%emt 0:00:55]} 24. Nc4 {[%emt 0:14:32]} Ne8 {[%emt 0:09:51]} 25. Red2 {[%emt 0:00:42]} Nc7 {[%emt 0:00:25]} 26. Ne3 {[%emt 0:04:18]} g6 {[%emt 0:03:29]} 27. Bc4 {[%emt 0:02:05]} Re8 {[%emt 0:01:24]} 28. Qa3 {[%emt 0:01:49]} Kg7 {[%emt 0:01:00]} 29. Rd6 {[%emt 0:06:18]} b5 {[%emt 0:03:41]} 30. axb6 {[%emt 0:00:05]} Nxb6 {[%emt 0:01:20]} 31. Na5 {[%emt 0:07:16]} Nxc4 {[%emt 0:00:23]} 32. Nexc4 {[%emt 0:00:04]} Nb5 {[%emt 0:00:16]} 33. Qxc5 {[%emt 0:00:21]} Nxd6 {[%emt 0:00:20]} 34. Nxd6 {[%emt 0:00:31]} Rxb2 {[%emt 0:04:47]} 35. Nc6 {[%emt 0:01:22]} Qf8 {[%emt 0:00:53]} 36. Nxe8+ {[%emt 0:00:35]} Qxe8 {[%emt 0:00:16]} 37. Rd8 {[%emt 0:00:13]} 1-0

[Event "VI Sunway Sitges Open 2019"]
[Site "Sitges"]
[Date "2019.12.20"]
[Round "8.35"]
[White "Garriga Cazorla, Pere"]
[Black "Fecker, Noah"]
[Result "1-0"]
[WhiteElo "2484"]
[BlackElo "2277"]
[Annotator "ChessBase"]
[PlyCount "79"]
[EventDate "2019.12.13"]
[EventType "swiss"]
[EventCountry "ESP"]
[SourceTitle "playchess.com"]
[Source "ChessBase"]
[SourceQuality "1"]
[TimeControl "40/5400+30:1800+30"]

1. d4 {[%emt 0:00:00]} Nf6 {[%emt 0:00:00]} 2. c4 {[%emt 0:00:00]} g6 {[%emt 0:00:00]} 3. Nc3 {[%emt 0:00:00]} d5 {[%emt 0:00:00]} 4. Nf3 {[%emt 0:00:00]} Bg7 {[%emt 0:00:00]} 5. h4 {[%emt 0:00:07]} O-O {[%emt 0:07:18]} 6. cxd5 {[%emt 0:12:18]} Nxd5 {[%emt 0:00:26]} 7. h5 {[%emt 0:00:05]} c5 {[%emt 0:01:39]} 8. hxg6 {[%emt 0:00:18]} hxg6 {[%emt 0:01:05]} 9. Bh6 {[%emt 0:03:53]} Bxh6 {[%emt 0:04:06]} 10. Rxh6 {[%emt 0:01:15]} Nxc3 {[%emt 0:00:14]} 11. bxc3 {[%emt 0:00:45]} cxd4 {[%emt 0:08:36]} 12. Qd2 {[%emt 0:06:27]} Kg7 {[%emt 0:04:38]} 13. Rh4 {[%emt 0:06:34]} Rh8 {[%emt 0:01:15]} 14. Rxh8 {[%emt 0:01:26]} Qxh8 {[%emt 0:00:06]} 15. cxd4 {[%emt 0:00:27]} Nd7 {[%emt 0:12:13]} 16. e4 {[%emt 0:06:46]} Nf6 {[%emt 0:03:21]} 17. Qf4 {[%emt 0:02:53]} Qh5 {[%emt 0:07:22]} 18. Ng5 {[%emt 0:04:00]} Qg4 {[%emt 0:03:50]} 19. Qxg4 {[%emt 0:00:59]} Bxg4 {[%emt 0:07:50]} 20. f3 {[%emt 0:05:05]} Bd7 {[%emt 0:01:38]} 21. Rb1 {[%emt 0:08:34]} b6 {[%emt 0:02:56]} 22. Bc4 {[%emt 0:01:38]} Rc8 {[%emt 0:13:11]} 23. Bb3 {[%emt 0:01:52]} e6 {[%emt 0:00:47]} 24. Kd2 {[%emt 0:00:55]} Nh7 {[%emt 0:03:28]} 25. Nh3 {[%emt 0:00:37]} g5 {[%emt 0:00:38]} 26. Nf2 {[%emt 0:00:33]} Nf8 {[%emt 0:00:32]} 27. e5 {[%emt 0:04:42]} Rd8 {[%emt 0:05:51]} 28. Rc1 {[%emt 0:01:33]} Ng6 {[%emt 0:01:25]} 29. Ne4 {[%emt 0:01:02]} Nh4 {[%emt 0:03:05]} 30. Rc7 {[%emt 0:02:32]} Nf5 {[%emt 0:02:19]} 31. d5 {[%emt 0:02:23]} exd5 {[%emt 0:01:04]} 32. Nxg5 {[%emt 0:00:06]} Kg6 {[%emt 0:00:13]} 33. f4 {[%emt 0:00:56]} Nh4 {[%emt 0:00:45]} 34. g3 {[%emt 0:00:27]} Nf5 {[%emt 0:00:19]} 35. Bc2 {[%emt 0:00:17]} f6 {[%emt 0:01:14]} 36. Nf3 {[%emt 0:00:36]} Kh6 {[%emt 0:01:05]} 37. Rxd7 {[%emt 0:02:09]} Rxd7 {[%emt 0:00:04]} 38. Bxf5 {[%emt 0:00:05]} Rf7 {[%emt 0:00:40]} 39. e6 {[%emt 0:00:40]} Re7 {[%emt 0:00:03]} 40. Nd4 {[%emt 0:00:00]} 1-0